Экология и загрязнение окружающей среды в США; Экология и безопасность в техносфере: современные проблемы и пути решения; Т. 2

Bibliografiske detaljer
Parent link:Экология и безопасность в техносфере: современные проблемы и пути решения: сборник трудов Всероссийской научно-практической конференции молодых ученых, аспирантов и студентов, Юрга, 5-6 ноября 2015 г./ Национальный исследовательский Томский политехнический университет (ТПУ), Юргинский технологический институт (ЮТИ) ; под ред. Д. А. Чинахова.— , 2015
Т. 2.— 2015.— [С. 102-104]
Hovedforfatter: Крафт Ю. А.
Institution som forfatter: Национальный исследовательский Томский политехнический университет (ТПУ) Юргинский технологический институт (филиал) (ЮТИ) Кафедра гуманитарного образования и иностранных языков (ГОИЯ)
Andre forfattere: Морозова М. В. Марина Вячеславовна (научный руководитель)
Summary:Заглавие с титульного экрана
Sprog:russisk
Udgivet: 2015
Serier:Социально гуманитарные аспекты экологии
Fag:
Online adgang:http://earchive.tpu.ru/handle/11683/15226
http://www.lib.tpu.ru/fulltext/c/2015/C52/V2/033.pdf
Format: MixedMaterials Electronisk Book Chapter
KOHA link:https://koha.lib.tpu.ru/cgi-bin/koha/opac-detail.pl?biblionumber=616983

MARC

LEADER 00000naa2a2200000 4500
001 616983
005 20231102023638.0
035 |a (RuTPU)RU\TPU\conf\15239 
035 |a RU\TPU\conf\15231 
090 |a 616983 
100 |a 20160129d2015 k y0rusy50 ca 
101 0 |a rus 
102 |a RU 
105 |a y z 101zy 
135 |a drgn ---uucaa 
181 0 |a i  
182 0 |a b 
200 1 |a Экология и загрязнение окружающей среды в США  |f Ю. А. Крафт  |g науч. рук. М. В. Морозова 
203 |a Текст  |c электронный 
225 1 |a Социально гуманитарные аспекты экологии 
230 |a 1 компьютерный файл (pdf; 178 Kb) 
300 |a Заглавие с титульного экрана 
320 |a [Библиогр.: с. 104 (9 назв.)] 
337 |a Adobe Reader 
461 1 |0 (RuTPU)RU\TPU\conf\14041  |t Экология и безопасность в техносфере: современные проблемы и пути решения  |o сборник трудов Всероссийской научно-практической конференции молодых ученых, аспирантов и студентов, Юрга, 5-6 ноября 2015 г.  |o в 2 т.  |f Национальный исследовательский Томский политехнический университет (ТПУ), Юргинский технологический институт (ЮТИ) ; под ред. Д. А. Чинахова  |d 2015 
463 0 |0 (RuTPU)RU\TPU\conf\14044  |t Т. 2  |v [С. 102-104]  |d 2015 
610 1 |a труды учёных ТПУ 
610 1 |a электронный ресурс 
610 1 |a экология 
610 1 |a загрязнения 
610 1 |a окружающая среда 
610 1 |a США 
700 1 |a Крафт  |b Ю. А. 
702 1 |a Морозова  |b М. В.  |c лингвист  |c доцент Юргинского технологического института (филиала) Томского политехнического университета  |f 1975-  |g Марина Вячеславовна  |2 stltpush  |4 727  |9 10835 
712 0 2 |a Национальный исследовательский Томский политехнический университет (ТПУ)  |b Юргинский технологический институт (филиал) (ЮТИ)  |b Кафедра гуманитарного образования и иностранных языков (ГОИЯ)  |h 5788  |2 stltpush  |3 (RuTPU)RU\TPU\col\18978 
801 2 |a RU  |b 63413507  |c 20210211  |g RCR 
856 4 |u http://earchive.tpu.ru/handle/11683/15226 
856 4 |u http://www.lib.tpu.ru/fulltext/c/2015/C52/V2/033.pdf 
942 |c BK